01780nam a2200181Ia 4500003000900000005001700009008004100026040003100067040001300098041000800111100003400119245010000153250000600253260003800259300001800297490002100315520126200336IT-RoPAU20220918175656.0120407s9999 xx 000 0 und d aIT-RoPAUc20130321111510.0 cIT-RoPAU aita aAssemblea Intercapitolare SSP a"Assemblea Intercapitolare della Società San Paolo. São Paulo (Brasile, 1/16 aprile 1989." aI aRomabCasa Generalizia SSPc1989 a117 p.c29 cm aAtti e Documenti aIndice Renato Perino, Presentazione L. G., Premessa Renato Perino, Introduzione all'Assemblea Intercapitolare Francesco Bernardi, Presentazione del Seminario Intern. Editori Paolini Aderico Dolzani, Seminario degli Editori Paolini: una svolta apostolica Francesco Bernardi, Metodologie del Seminario Intern. Editori Paolini Aderico Dolzani, Come mettere in pratica il Seminario Giancarlo Rocca, Sacerdoti e discepoli nella storia della Società San Paolo Silvio Pignotti, gli Istituti Aggregati paolini Domenico Spoletini, I Cooperatori Paolini nell'opera e nel pensiero di Don Alberione Francesco Bernardi, La Società San Paolo e i Collaboratori esterni Lavoro di gruppo Composizione dei gruppi di studio 3 aprile 1989: Priorità del Capitolo generale e Circoscrizioni 4-5 aprile 1989: Organizzazione apostolica 5 aprile 1989: Una corretta impostazione dell'amministrazione 6 aprile 1989: Seminario degli Editori e Circoscrizioni 7-8 aprile 1989: Sacerdoti - Discepoli nella Società San Paolo 8 aprile 1989: Osservazioni e proposte sul Vademecum alberoniano 10-12 aprile 1989: Osservazioni sulla "Ratio formationis" 13 aprile 1989: I laici nella e con la Famiglia Paolina 14 aprile 1989: Indicazioni per il documento finale Documento Finale